Statistics for "I Gotta Feeling" - Black Eyed Peas Lyrics

Click here to take the quiz!

General Stats

  • This quiz has been taken 100 times
  • The average score is 170 of 259

Answer Stats

Lyrics% Correct
I
100%
Feel
100%
i
100%
Feeling
100%
Got
99%
A
99%
Go
99%
To
96%
That
95%
Gotta
95%
Be
94%
Good
94%
Gonna
93%
Night
93%
It
89%
Tonight's
89%
The
87%
We
82%
Let
81%
Let's
78%
Up
75%
Do
73%
And
73%
My
71%
All
61%
Money
59%
Get
58%
Have
58%
On
54%
He
54%
Know
53%
Out
52%
Live
52%
We'll
51%
Oh
51%
Off
49%
Party
48%
Down
48%
Friday
47%
Again
46%
Like
46%
Tuesday
46%
Monday
46%
Saturday
46%
Thursday
45%
Smash
45%
Then
42%
Fill
42%
Sunday
42%
No
42%
Wednesday
42%
Roof
41%
Sofa
40%
God
39%
Take
39%
Ball
37%
Every
37%
Cup
36%
You
36%
Jump
36%
Here
35%
At
35%
Day
34%
Just
34%
Way
34%
Mazel
33%
Tov
30%
Control
30%
Shut
30%
Spend
30%
Town
28%
Lose
28%
Wanna
27%
Burn
27%
Look
27%
If
24%
Losing
24%
What
23%
Dancing
23%
Cause
23%
Stressed
23%
Say
22%
Come
22%
Now
19%
I'm
19%
Paint
18%
Rock
16%
Top
14%
Ch
13%
Easy
12%
Spaced
11%
Us
11%
With
10%
Stop
8%
Around
8%
Round
6%
Body
6%
Shot
6%
Clock
5%

Score Distribution

Percentile by Number Answered

Percent of People with Each Score

Your Score History

You have not taken this quiz